000 00466nmm a2200169Ia 4500
008 251105s9999||||xx |||||||||||||||||und||
020 _a9788496831506
041 _aspa
100 _aFernández Ortiz, Antonio
245 0 _aMemorias de Espartania
264 _a[Madrid, España] :
_bMontesinos,
_c2008
300 _a320 páginas
490 _aNarrativa
650 _aSpanish narrative
856 _uhttps://public.digitaliapublishing.com/a/24370
942 _cCF
999 _c90146
_d90146